| 000 | 01345nam a2200361 a 4500 | ||
|---|---|---|---|
| 001 | ebr10080994 | ||
| 003 | CaPaEBR | ||
| 006 | m u | ||
| 007 | cr cn||||||||| | ||
| 008 | 030902s2004 enk sb 001 0 eng d | ||
| 010 | _z 2003112202 | ||
| 015 | _aGBA3-V2412 | ||
| 020 | _z9781412933551 | ||
| 020 | _z0761962395 | ||
| 020 | _z0761962409 (pbk.) | ||
| 040 |
_aCaPaEBR _cCaPaEBR |
||
| 035 | _a(OCoLC)70774265 | ||
| 050 | 1 | 4 |
_aBF637.C6 _bS86 2004eb |
| 082 | 0 | 4 |
_a361.06 _221 |
| 100 | 1 |
_aSugarman, L?eonie, _d1950- |
|
| 245 | 1 | 0 |
_aCounselling and the life course _h[electronic resource] / _cL?eonie Sugarman. |
| 260 |
_aLondon ; _aThousand Oaks, Calif. : _bSAGE Publications, _c2004. |
||
| 300 | _a130 p. | ||
| 490 | 1 | _aProfessional skills for counsellors | |
| 504 | _aIncludes bibliographical references (p. [114]-122) and index. | ||
| 533 |
_aElectronic reproduction. _bPalo Alto, Calif. : _cebrary, _d2013. _nAvailable via World Wide Web. _nAccess may be limited to ebrary affiliated libraries. |
||
| 650 | 0 | _aCounseling. | |
| 650 | 0 | _aDevelopmental psychology. | |
| 655 | 7 |
_aElectronic books. _2local |
|
| 710 | 2 | _aebrary, Inc. | |
| 830 | 0 | _aProfessional skills for counsellors. | |
| 856 | 4 | 0 |
_uhttp://site.ebrary.com/lib/rucke/Doc?id=10080994 _zAn electronic book accessible through the World Wide Web; click to view |
| 999 |
_c55594 _d55594 |
||